<?xml version="1.0" encoding="UTF-8"?><?xml-stylesheet type="text/xsl" href="static/style.xsl"?><OAI-PMH xmlns="http://www.openarchives.org/OAI/2.0/" xmlns:xsi="http://www.w3.org/2001/XMLSchema-instance" xsi:schemaLocation="http://www.openarchives.org/OAI/2.0/ http://www.openarchives.org/OAI/2.0/OAI-PMH.xsd"><responseDate>2026-04-17T03:54:34Z</responseDate><request verb="GetRecord" identifier="oai:www.recercat.cat:10230/60961" metadataPrefix="marc">https://recercat.cat/oai/request</request><GetRecord><record><header><identifier>oai:recercat.cat:10230/60961</identifier><datestamp>2025-12-25T19:58:50Z</datestamp><setSpec>com_2072_6</setSpec><setSpec>col_2072_452954</setSpec></header><metadata><record xmlns="http://www.loc.gov/MARC21/slim" xmlns:dcterms="http://purl.org/dc/terms/" xmlns:xsi="http://www.w3.org/2001/XMLSchema-instance" xmlns:doc="http://www.lyncode.com/xoai" xsi:schemaLocation="http://www.loc.gov/MARC21/slim http://www.loc.gov/standards/marcxml/schema/MARC21slim.xsd">
   <leader>00925njm 22002777a 4500</leader>
   <datafield ind2=" " ind1=" " tag="042">
      <subfield code="a">dc</subfield>
   </datafield>
   <datafield ind2=" " ind1=" " tag="720">
      <subfield code="a">Gassiot Pérez, Sofía</subfield>
      <subfield code="e">author</subfield>
   </datafield>
   <datafield ind2=" " ind1=" " tag="260">
      <subfield code="c">2024-08-29T11:00:20Z</subfield>
   </datafield>
   <datafield ind2=" " ind1=" " tag="260">
      <subfield code="c">2024-08-29T11:00:20Z</subfield>
   </datafield>
   <datafield ind2=" " ind1=" " tag="260">
      <subfield code="c">2024-06-03</subfield>
   </datafield>
   <datafield ind2=" " ind1=" " tag="520">
      <subfield code="a">Treball de Fi de Grau en Dret. Curs 2023-2024</subfield>
   </datafield>
   <datafield ind2=" " ind1=" " tag="520">
      <subfield code="a">Tutor: Josep Sandiumenge Farré</subfield>
   </datafield>
   <datafield ind2=" " ind1=" " tag="520">
      <subfield code="a">En los últimos años, hemos asistido a un incremento exorbitante y sostenido de los precios de la vivienda en los núcleos urbanos de las principales ciudades españolas que ha consolidado su difícil accesibilidad, especialmente para los hogares más vulnerables. Este escenario ha motivado la aprobación de la Ley 12/2023, de 24 de mayo, por el Derecho a la Vivienda, en la que ha cristalizado la previa trayectoria legislativa autonómica, aunando un espíritu normativo común: la regulación del mercado de arrendamiento de la vivienda bajo la función social del derecho de propiedad.&#xd;
El presente Trabajo de Fin de Grado evalúa la normativa vigente en un análisis jurídico del alcance de la dimensión social del derecho de propiedad, así como en un análisis económico de su potencialidad para revertir la carestía estructural de oferta residencial en las zonas altamente demandadas, ofreciendo alternativas que se estiman más eficientes para atender al problema residencial y más deferentes con la protección del derecho de propiedad sobre una vivienda.</subfield>
   </datafield>
   <datafield tag="653" ind2=" " ind1=" ">
      <subfield code="a">Treball de fi de grau – Curs 2023-2024</subfield>
   </datafield>
   <datafield tag="653" ind2=" " ind1=" ">
      <subfield code="a">Propietat (Espanya)</subfield>
   </datafield>
   <datafield tag="653" ind2=" " ind1=" ">
      <subfield code="a">Dret a l&amp;apos;habitatge (Espanya)</subfield>
   </datafield>
   <datafield tag="653" ind2=" " ind1=" ">
      <subfield code="a">Dret de propietat (Espanya)</subfield>
   </datafield>
   <datafield ind2="0" ind1="0" tag="245">
      <subfield code="a">La función social del derecho de propiedad en el marco de la actual legislación  arrendaticia y de vivienda</subfield>
   </datafield>
</record></metadata></record></GetRecord></OAI-PMH>